000 00196 a2200097 4500
020 _a9788423321810
041 _aspa
100 _aCole, Babette
245 _aLos animales de la biblia
942 _cBK
999 _c30383
_d30381